000 00563 a2200181 4500
005 20250325094905.0
008 250306b |||||||| |||| 00| 0 eng d
020 _a9789811233838
080 _a53:681.2
_bGRE/P
100 _aGreen, Dan
245 _aThe Physics of experiment instrumentation using MATLABS apps
_b: with companion media pack
260 _bWorld Scientific
_aSingapore
_c2021
300 _avii,247p.
653 _aMATLAB
653 _aNuclear counters -- Data processing
653 _aPhysics -- Experiments -- Data processing
942 _cBK
999 _c113870
_d113869